Modern plastics for secondary schools / (Record no. 77208)
[ view plain ]
| 000 -LEADER | |
|---|---|
| fixed length control field | 00703nam a22002412a 4500 |
| 001 - CONTROL NUMBER | |
| control field | 77208 |
| 003 - CONTROL NUMBER IDENTIFIER | |
| rucl marc code | BD-RjUL |
| 005 - DATE AND TIME OF LATEST TRANSACTION | |
| control field | 20211209082938.0 |
| 008 - FIXED-LENGTH DATA ELEMENTS--GENERAL INFORMATION | |
| fixed length control field | 200303s1951 enka 000 0 eng d |
| 035 ## - SYSTEM CONTROL NUMBER | |
| System control number | OCLC ocm27481479 from D960614M |
| System control number | (BD-RjUL)77433 |
| 040 ## - CATALOGING SOURCE | |
| Original cataloging agency | EYE |
| Transcribing agency | EYE |
| Modifying agency | UKM |
| -- | EQO |
| -- | BD-RjUL |
| Language of cataloging | eng |
| 041 ## - LANGUAGE CODE | |
| Language code of text/sound track or separate title | eng |
| 082 ## - DEWEY DECIMAL CLASSIFICATION NUMBER | |
| Edition number | 23 |
| Classification number | 745.572 |
| Author mark and year | NOM 1951 |
| 100 1# - MAIN ENTRY--PERSONAL NAME | |
| Personal name | Norman, J. T. |
| 9 (RLIN) | 240264 |
| 245 10 - TITLE STATEMENT | |
| Title | Modern plastics for secondary schools / |
| Statement of responsibility, etc. | J. T. Norman. |
| 260 ## - PUBLICATION, DISTRIBUTION, ETC. (IMPRINT) | |
| Place of publication, distribution, etc. | London : |
| Name of publisher, distributor, etc. | Macmillan, |
| Date of publication, distribution, etc. | 1951 |
| 300 ## - PHYSICAL DESCRIPTION | |
| Pagination | 43 p. : |
| Illustrations | illus. ; |
| Size | 25 cm. |
| 650 #0 - SUBJECT ADDED ENTRY--TOPICAL TERM | |
| Topical term or geographic name as entry element | Plastics craft. |
| 9 (RLIN) | 240265 |
| Topical term or geographic name as entry element | Handicraft. |
| 9 (RLIN) | 240266 |
| 942 ## - ADDED ENTRY ELEMENTS (KOHA) | |
| Source of classification or shelving scheme | Dewey Decimal Classification |
| Koha item type | Books |
| Lost status | Source of classification or shelving scheme | Damaged status | Not for loan | Collection code | Permanent Location | Current Location | Shelving location | Date acquired | Source of acquisition | Total Checkouts | Full call number | Date last seen | Copy number | Koha item type |
|---|---|---|---|---|---|---|---|---|---|---|---|---|---|---|
| Dewey Decimal Classification | Not For Loan | Non-fiction | Central Library, University of Rajshahi | Central Library, University of Rajshahi | Reading Room | 07/09/1955 | B.H. Blackwell | 745.572 NOM 1951 | 03/03/2020 | C-1 | Books |